Znani ludzie według inicjałów - imiona na "C" - Statystyki

Ogólne statystyki
  • Ten quiz został rozwiązany 241 razy
  • Średni wynik to 10 z 24
Statystyki odpowiedzi
Inicjały Kim jest ta osoba? Odpowiedź % Poprawnych
CR Portugalski piłkarz, pięciokrotny zdobywca Złotej Piłki, najlepszy strzelec w historii Realu Madryt Cristiano Ronaldo
92%
CC Angielski komik, jeden z najbardziej znanych aktorów kina niemego Charlie Chaplin
86%
CD Kanadyjska piosenkarka, zwyciężczyni konkursu Eurowizji, znana z piosenki "My Heart Will Go On" Céline Dion
84%
Polski aktor, znany z ról Karola Krawczyka w "Miodowych latach" i wójta oraz księdza w "Ranczu" Cezary Żak
84%
CN Amerykański aktor i mistrz sztuk walki, znany z głównej roli w serialu "Strażnik Teksasu" Chuck Norris
75%
CM Francuski malarz, jeden z czołowych artystów epoki impresjonizmu Claude Monet
63%
CP Hiszpański piłkarz, przez całą karierę związany z FC Barceloną Carles Puyol
62%
CG Argentyński rewolucjonista, jeden z przywódców rewolucji kubańskiej Che Guevara
56%
CT Argentyński piłkarz, w swojej karierze grał m.in. w Manchesterze United, Manchesterze City i Juventusie Carlos Tévez
52%
CH Szkocki muzyk, znany z piosenek "I'm Not Alone" i nagranego wspólnie z Rihanną "We Found Love" Calvin Harris
50%
CE Amerykański aktor i reżyser, znany m.in. z roli inspektora Harry'ego Callahana w filmie "Brudny Harry" Clint Eastwood
49%
CI Włoski piłkarz, występował m.in. w Borussii Dortmund, Sevilli i Lazio Ciro Immobile
48%
CS Meksykański muzyk, gitarzysta, jeden z prekursorów rocka latynoskiego, znany m.in. z piosenki "Smooth" Carlos Santana
45%
CA Amerykańska piosenkarka, znana z piosenek takich jak "Hurt" czy "You Lost Me" Christina Aguilera
38%
CL Amerykański lekkoatleta, dziewięciokrotny mistrz olimpijski (w skoku dal i sprintach) Carl Lewis
33%
CZ Walijska aktorka, zdobywczyni Oscara za rolę w filmie Chicago Catherine Zeta-Jones
29%
CF Irlandzki aktor, zdobywca Złotego Globu za rolę w filmie "Najpierw strzelaj, potem zwiedzaj" Colin Farrell
25%
CB Amerykański muzyk, basista zespołu Metallica, zmarły w wypadku autokarowym Cliff Burton
14%
CJ Amerykański raper i aktor, znany jako 50 Cent Curtis Jackson
14%
CK Kanadyjski muzyk, wokalista i gitarzysta zepsołu Nickelback Chad Kroeger
12%
CU Amerykańska piosenkarka, zwyciężczyni amerykańskiej edycji Idola, znana z piosenek takich jak "Blown Away" czy "Good Girl" Carrie Underwood
8%
CV Amerykański zapaśnik i zawodnik MMA, dwukrotny mistrz organizacji UFC Cain Velasquez
6%
CO Niemiecki kompozytor, znany z kompozycji "Carmina Burana" Carl Orff
4%
CW Niemiecki polityk, prezydent Niemiec w latach 2010-2012 Christian Wulff
1%
Nie znaleziono quizów pasujących do podanych kryteriów
Rozkład punktacji
Procent ludzi z każdym wynikiem
Percentyl według liczby udzielonych odpowiedzi
Twoja historia wyników
Nie rozwiązałeś tego quizu